000 00684nam a2200265Ia 4500
008 210210b2014 xxu||||| |||| 00| 0 eng d
020 _a9781449692049
041 _aeng
082 _a362.1 STEP
100 _aSTEIN (Natalie)
245 _aPublic health nutrition
_bPrinciples and practice in community and global health
260 _aChemistry
_bJones & Bartlett Publishers
_c2014
300 _axv,524
650 _aPublic
650 _aPrinciples
650 _apractice
650 _anutrition
650 _ain
650 _ahealth
650 _aglobal
650 _acommunity
650 _aand
690 _aSocial Welfare Problems & Services
906 _a068896
999 _c152983
_d152983